000 00718nam a22002537a 4500
001 22138
003 UA-OsUOA
005 20220626230614.0
007 ta
008 20031217b un ||||| |||| 00| 0 ukr d
020 _a5-87121-017-1
040 _aUA-OsUOA
_brus
_cUA-OsUOA
_dUA-OsUOA
041 _arus
044 _aRU
080 _a1(091)"6"
090 _a1(091)"6"
_bА31
100 _aАдо П.
245 _aЧто такое античная философия?
_cП. Адо ; пер. с фран. В. П. Гайдамак
260 _aМосква
_bИздательство гуманитарной литературы
_c1999
300 _a320 с.
650 7 _2UDC
942 _cBK
_2udc
955 _a0
999 _c308352
_d308352